| 000 | 00946nam a2200217Ia 4500 | ||
|---|---|---|---|
| 999 |
_c39408 _d39408 |
||
| 001 | 5998 | ||
| 003 | GE_BSU | ||
| 005 | 20190605195722.0 | ||
| 008 | 181216s1971||||ge |||||||||||||| ||geo|| | ||
| 040 | _cGE_BSU | ||
| 041 | _ageo | ||
| 080 | _a728.1.001 გ-14 | ||
| 100 |
_aგაგოშიძე, გ. _92189 |
||
| 245 |
_aსაცხოვრებელი სახლების დაპროექტება : _bდამხმ. სახელმძღ. / _cგ. გაგოშიძე ; რედ. რ. აგაბაბიანი. |
||
| 264 |
_aთბილისი : _bგანათლება, _c1971. |
||
| 300 |
_a175 გვ. : _bილ.; _c30 სმ. |
||
| 653 | _aარქიტექტურა | ||
| 653 | _aსაცხოვრებელი სახლების დაპროექტება | ||
| 700 |
_aაგაბაბიანი, რ. _eრედაქტორი _92190 |
||
| 942 |
_cBK _2udc |
||